Φορτώνει......
Samuel Johnson: Selected poetry and prose /
| Άλλοι συγγραφείς: | |
|---|---|
| Μορφή: | Printed Book |
| Γλώσσα: | English |
| Έκδοση: |
University of California Press,
1977.
|
| LEADER | 00401nam a2200109Ia 4500 | ||
|---|---|---|---|
| 008 | 150624b xxu||||| |||| 00| 0 eng d | ||
| 245 | |a Samuel Johnson: |b Selected poetry and prose / | ||
| 260 | |b University of California Press, |c 1977. | ||
| 700 | |a Brady, Frank | ||
| 942 | |c BK | ||
| 999 | |c 25535 |d 25535 | ||
| 952 | |0 1 |1 0 |4 0 |7 0 |9 25534 |a UL |b UL |c TR |d 1998-09-01 |l 0 |p 36896 |r 2012-10-27 |w 2012-10-27 |y BK |z Transferred to Dept. of English | ||